000 00540nam a22001932 4500
001 0000006074
005 20151217152012.0
008 070913s xx 000 0 eng d
020 _a8189093932 :
_cKES 230
040 _aKABU
_cKABU
100 1 _aHills, Robert.
_@0000157448
245 1 4 _aThe Art of effective letter writing.
260 _aNew Delhi :
_bLocus Press,
_c2005.
300 _avii, 192 p.
650 0 _aLetter writing.
_@0000157449
908 _a070913
950 _@1
999 _c7180
_d7180